[Event "CZE-ch U16 Girls"]
[Site "Teplice"]
[Date "2023.03.18"]
[Round "9"]
[White "Andilova, Klara"]
[Black "Vavrinkova, Marie"]
[Result "0-1"]
[WhiteElo "1104"]
[BlackElo "1457"]
[PlyCount "66"]
[EventDate "2023.03.11"]
[EventType "swiss"]
[EventRounds "9"]
[EventCountry "CZE"]
[SourceTitle "CBM 213 Extra"]
[Source "ChessBase"]
[SourceDate "2023.05.31"]
[SourceVersion "1"]
[SourceVersionDate "2023.05.31"]
[SourceQuality "1"]

1. e4 d6 2. d4 Nf6 3. Nc3 g6 4. g3 Bg7 5. Bg2 0-0 6. Nge2 e5 7. 0-0 Nh5 8. f4 Bg4 9. Qd3 Nc6 10. Be3 Qd7 11. Rf2 Nf6 12. a3 Bh3 13. dxe5 dxe5 14. Qxd7 Bxd7 15. h3 Rfe8 16. f5 Na5 17. b3 b6 18. g4 h6 19. Bf3 c5 20. h4 Nh7 21. Rh2 Nc6 22. Nd5 Rac8 23. Ng3 Nd4 24. Bd1 c4 25. Rb1 Bc6 26. Nc3 cxb3 27. cxb3 Bb7 28. Rc1 Bf8 29. b4 a5 30. Rb2 Rc4 31. Kf2 axb4 32. axb4 Bxb4 33. Bd2 Ba3 0-1

[Event "CZE-ch U16 Girls"]
[Site "Teplice"]
[Date "2023.03.16"]
[Round "7"]
[White "Andilova, Klara"]
[Black "Sterikova, Marketa"]
[Result "1-0"]
[WhiteElo "1104"]
[BlackElo "1254"]
[PlyCount "49"]
[EventDate "2023.03.11"]
[EventType "swiss"]
[EventRounds "9"]
[EventCountry "CZE"]
[SourceTitle "CBM 213 Extra"]
[Source "ChessBase"]
[SourceDate "2023.05.31"]
[SourceVersion "1"]
[SourceVersionDate "2023.05.31"]
[SourceQuality "1"]

1. e4 e6 2. d4 d5 3. Nc3 dxe4 4. Nxe4 Nf6 5. Nc3 Nc6 6. Nf3 Bd7 7. a3 Bd6 8. Bc4 h6 9. 0-0 0-0 10. Re1 Re8 11. Ne5 a6 12. Bf4 Ne7 13. Bd3 Bc6 14. Nxc6 Nxc6 15. Be3 Nd5 16. Nxd5 exd5 17. Qf3 Re6 18. g3 Be7 19. c3 Bg5 20. Rf1 Bxe3 21. fxe3 Qe7 22. Rae1 Nxd4 23. cxd4 c6 24. e4 Re8 25. e5 1-0